|
|
|
|
| LEADER |
00630nam a22001577a 4500 |
| 020 |
|
|
|a 978-0-19-921789-2
|
| 074 |
|
|
|a 6819
|
| 082 |
|
|
|a 346.092 HAR'07
|
| 100 |
|
|
|a Harten,Gus Van
|9 1933
|
| 245 |
|
|
|a Investment treaty Arbitration and Public Law
|
| 260 |
|
|
|a Oxford
|b Oxford University Press
|c 2007
|
| 300 |
|
|
|a xxxii,214p.
|
| 500 |
|
|
|a Includes bibliographical references and index
|
| 653 |
|
|
|a Foreign-Law and Legislation
|a Arbitration and award,International
|a Commercial treaties
|
| 999 |
|
|
|c 4983
|d 4983
|
| 952 |
|
|
|0 0
|1 0
|2 udc
|4 0
|6 346092_HAR07
|7 0
|9 6329
|a NUALS
|b NUALS
|d 2010-11-03
|l 1
|o 346.092 HAR'07
|p 6819
|r 2017-10-13
|s 2016-07-30
|t 1
|w 2010-11-03
|y REF
|